रक्तपर्जन्य (Record no. 998992)

MARC details
000 -LEADER
fixed length control field 00373nam a2200133Ia 4500
008 - FIXED-LENGTH DATA ELEMENTS--GENERAL INFORMATION
fixed length control field 151001s9999||||xx |||||||||||||| ||und||
100 ## - MAIN ENTRY--PERSONAL NAME
Personal name विष्णू सूर्या वाघ
245 ## - TITLE STATEMENT
Title रक्तपर्जन्य
250 ## - EDITION STATEMENT
Edition statement 1
260 ## - PUBLICATION, DISTRIBUTION, ETC. (IMPRINT)
Name of publisher, distributor, etc सृष्टी प्रकाशन गोवा
260 ## - PUBLICATION, DISTRIBUTION, ETC. (IMPRINT)
Date of publication, distribution, etc 2013
300 ## - PHYSICAL DESCRIPTION
Extent 100
365 ## - TRADE PRICE
Price amount 21

No items available.